| 000 | 00635nac a22002051u 4500 | ||
|---|---|---|---|
| 020 | _a8121923425 | ||
| 082 |
_a547.7 _bB4696 |
||
| 090 |
_c2941 _d2941 |
||
| 100 | _aBhatnagar ,M.S. | ||
| 245 |
_aA Text Book Of Polymers : _bChemistry and Technology Of Polymers/ _cM.S.Bhatnagar |
||
| 260 |
_aNew Dlhi:2004. _bS.Chand and Company LTD, _cc.2004. |
||
| 300 |
_aVol1.: _bill; _c24cm. |
||
| 650 | _aPolymers. | ||
| 650 | _aPolymerization. | ||
| 700 | _aM.S.Bhatnagar | ||
| 942 |
_cBB _k547.7B4696 _hRDA-MOD |
||
| 999 |
_c2941 _d2941 |
||
| 336 |
_2rdacontent _atext _btxt |
||
| 337 |
_aunmediated _2rdamedia _bn |
||
| 338 |
_avolume _bnc _2rdacarrier |
||